Visualizzazione normale
Vista MARC
- Bernstein Leonard
di Personal Name
Records bibliografici associati: 1
001 - CONTROL NUMBER
- control field: 2219
003 - CONTROL NUMBER IDENTIFIER
- control field: IT-RoPau
005 - DATE AND TIME OF LATEST TRANSACTION
- control field: 20131116120959.0
008 - FIXED-LENGTH DATA ELEMENTS
- fixed length control field: 131116|| aca||aabn | a|a d
040 ## - CATALOGING SOURCE
- Original cataloging agency: IT-RoPau
- Transcribing agency: IT-RoPau
100 ## - HEADING--PERSONAL NAME
- Personal name: Bernstein Leonard
- Relator term: Autore musica
- Miscellaneous information: Codice autore musica SPICS: 10723
- Name of part/section of a work: America (2Nd Amendment)
670 ## - SOURCE DATA FOUND
- Source citation: Work cat.: (IT-RoPau)103308: Emerson Keith 998, With the Nice (Lp 6610 011 S)